000 00857nas a2200289 4500
001 BR0900550
003 BR-BrBNA
005 20231205113050.0
007 ta
008 230509b bl.|||p| |||| 00| 00por d
040 _aBR-BrBNA
_bpor
_cBiblioteca Nacional de Agricultura
041 _a(Pt)
072 _aF50
100 1 _aTuffi Santos, L.D.
100 1 _aIarema, L.
100 1 _aThadeo, M.
100 1 _aFerreira, F.A.
100 1 _aMeira, R.M.S.A.
245 1 _aCaracterísticas da epiderme foliar de eucalipto e seu envolvimento com a tolerância ao glyphosate
650 _aEUCALIPTO
650 _aHERBICIDA
650 _aANATOMIA VEGETAL
650 _aFITOTOXICIDADE
773 0 _tPlanta Daninha (Brazil)
_xISSN 0100-8358
_g(2006), v. 24(3) p. 513-520
_wBR0900550
909 _a202311
_bLúcia
_c55
_dLúcia Elande
942 _2AGRIS
_n0
_cANA
999 _c201629
_d201629